| 000 | 00860nam a22002537c 4500 | ||
|---|---|---|---|
| 001 | a5767076 | ||
| 003 | CO-ViMGA | ||
| 005 | 20230915224412.0 | ||
| 008 | 160307s2015 sp a | |||| 000 1 spa | ||
| 020 | _a9788490943304 | ||
| 040 |
_aCO-ViMGA _bspa _cCO-ViMGA |
||
| 041 | 1 | _heng | |
| 082 |
_a741.5 _bA17l |
||
| 245 | 0 | 0 |
_aLobezno va al infierno / _c[guion], Aaron ; [dibujo], Guedes, Latour, Sanders, Gaydos, McKelvie, Acuą ; [Santiago García, traducción] |
| 260 |
_aTorroella de Montgrí, Girona _bPanini Cómics _cD.L. 2015. |
||
| 300 |
_a[280] p. _bprincipalmente il. col. y n. _c27 cm. |
||
| 490 | 0 |
_aLobezno _v6 |
|
| 490 | 0 | _aMarvel deluxe | |
| 650 | 1 | 4 |
_aComics _9284 |
| 650 | 1 | 4 |
_aTiras comicas, historietas, etc. _92479 |
| 700 | 1 |
_aAaron, Jason _d1973- _4aut _98969 |
|
| 700 | 1 |
_aGuedes, Renato _d1980- _edibujante _4art _99184 |
|
| 942 |
_2ddc _cBK |
||
| 999 |
_c11766 _d11766 |
||